000 00632nam a2200217Ia 4500
001 15198
003 GE_BSU
008 181216s||||||||xx |||||||||||||| ||und||
040 _cGE_BSU
080 _a821.353.1-1
100 _aშერაზადაშვილი,ზაქარია
245 _aსამშობლოს გზებზე
245 _bლექსები
245 _cრედ:რ.ორჯონიკიძე
260 _aთბილისი.
260 _bსახელგამი
260 _c1953
300 _a91გვ;22სმ.
653 _aლექსები
942 _cBK
999 _c48310
_d48310